000 00582nam a2200205Ia 4500
005 20250508162149.0
008 008 250505s9999 xx 000 0 eng d
037 _aTextual
040 _aFEDL
_beng
_cFEDL
041 _aeng
_2eng
084 _a371.95, BAR
_qFEDL
100 _aBarbe Walter B Ed.
245 0 _aPsychology and education of the gifted
250 _a2
260 _aNew York, USA
_bIrvington Publishers, Inc
_c1965
300 _axii,481p
700 _a Renzulli Joseph S Ed.
_9772473
942 _cTEXL
_h371.95, BAR
999 _c1374749
_d1374749